000 00575nam a2200181Ia 4500
008 090124s9999 xx 000 0 und d
082 _b43604
100 _aफाटक अनुराधा
245 _aRUNANUBANDHA ऋणानुबंध
250 _a1
260 _bसानिया पब्लिकेशन
_c2005
300 _a158
600 _aफाटक अनुराधा
630 _aRUNANUBANDHA ऋणानुबंध
700 _aफाटक अनुराधा
730 _aRUNANUBANDHA ऋणानुबंध
942 _cBOOK
999 _c109833
_d109833